书目信息 |
| 题名: |
建筑施工现场十大员技术操作手册
|
|
| 作者: | 梁静 , 梁静 著 | |
| 分册: | ||
| 出版信息: | 北京 中国大地出版社 2007.3 |
|
| 页数: | 208页 | |
| 开本: | 20cm | |
| 丛书名: | ||
| 单 册: | ||
| 中图分类: | G128 , TU733 | |
| 科图分类: | ||
| 主题词: | 文化事业--中国 | |
| 电子资源: | ||
| ISBN: | 7-80097-759-5 | |
| 000 | 00791 nam 000265 | |
| 001 | 012000018137 | |
| 005 | 20091127151801.96 | |
| 010 | @a7-80097-759-5@dCNY19.80 | |
| 100 | @a20090904d2003 em y0chiy0121 ea | |
| 101 | @achi | |
| 102 | @aCN@b110000 | |
| 105 | @ay z 000yy | |
| 106 | @ar | |
| 200 | 10 | @a建筑施工现场十大员技术操作手册@9jian zhu shi gong xian chang shi da yuan ji shu cao zuo shou ce@f梁静主编@Fliang jing zhu bian |
| 210 | @a北京@c中国大地出版社@d2007.3 | |
| 215 | @a208页@d20cm | |
| 540 | @a建筑施工现场十大员技术操作手册 | |
| 606 | @a文化事业@x中国 | |
| 690 | @aG128@v4 | |
| 690 | @aTU733@v4 | |
| 701 | 0 | @a梁静@9liang jing@4著 |
| 701 | 0 | @a梁静@Aliang jing@4主编 |
| 801 | @aCN@bCQULIB@c20091127 | |
| 901 | @a209906 | |
| 905 | @b922127-31@dTU733@eL4021@f5 | |
| 建筑施工现场十大员技术操作手册/梁静主编.-北京:中国大地出版社,2007.3 |
| 208页;20cm |
| ISBN 7-80097-759-5:CNY19.80 |
| ● |
| 相关链接 |
|
|
|
正题名:建筑施工现场十大员技术操作手册
索取号:TU733/L4021
 
预约/预借
| 序号 | 登录号 | 条形码 | 馆藏地/架位号 | 状态 | 备注 |
| 1 | 922127 | 209221279 | 建筑库201/101建筑库 26排3列4层/ [索取号:TU733/L4021] | 在馆 | |
| 2 | 922128 | 209221288 | 建筑库201/101建筑库 26排3列4层/ [索取号:TU733/L4021] | 在馆 | |
| 3 | 922129 | 209221297 | 建筑库201/101建筑库 26排3列4层/ [索取号:TU733/L4021] | 在馆 | |
| 4 | 922130 | 209221304 | 建筑库201/101建筑库 26排3列4层/ [索取号:TU733/L4021] | 在馆 | |
| 5 | 922131 | 209221313 | 建筑库201/101建筑库 26排3列4层/ [索取号:TU733/L4021] | 在馆 |